000 02631nam a2200445 a 4500
001 dia_3606
003 CHAP
005 20240918131435.0
007 ta
008 220117s2002 mx a fr 001 0 spa d
010 _a174109
020 _a968-24-6489-7
040 _cCHAP
_amxchpua
041 0 _bEspañol
_fEspañol
050 0 0 _aQH506
_bB35 2002
082 0 0 _a577
_bB35 2002
_220
100 1 _aBalbás, Paulina
_eautor
_99623
245 1 0 _aDe la biología molecular a la biotecnología /
_cPaulina Balbás
264 1 _aMéxico :
_bTrillas,
_c2002
300 _a324 páginas :
_bilustraciones, cuadros, tablas
336 _2rdacontent
_atexto
_btxt
337 _2rdamedia
_asin medio
_bn
338 _2rdacarrier
_avolumen
_bnc
500 _aej.1 - ej.3: consumo (Biblioteca Zootecnia)
503 _aC/e (ej.1) \ D. (ej.2)
504 _aIncluye bibliografías
505 0 0 _gPrólogo -- Introducción -- Cap. 1. Clasificación de células y organismos -- Cap. 2. Constitución celular -- Cap. 3. Replicación y reparación del DNA -- Cap. 4. Transcripción del DNA -- Cap. 5. El código genético y la síntesis de proteínas -- Cap. 6. Modificaciones postraduccionales de las proteínas -- Cap.7. Regulación de la expresión genética en procariotes -- Cap. 8. Estructura de los cromosomas procariotes y eucariotes -- Cap. 9. Recombinación in vitro del DNA -- Cap. 10. Producción de proteínas por DNA recombinante -- Cap. 11. Biotecnología de plantas y animales -- Cap. 12. Biotecnología ambiental-- Cap. 13. Genética molecular en humanos -- Cap. 14. Reglamentación del uso de la biotecnología -- Índice analítico.
520 _aEl conocimiento de la célula a nivel molecular ha permitido un uso más preciso de los sistemas biológicos, sus partes y productos, y con ellos, el resurgimiento y la consolidación de la biotecnología moderna. La autora plantea estos temas a través de su obra y explica cuidadosamente desde la clasificación de los organismos. la organización de sus partes y el tipo de moléculas que los conforman, hasta la manera en que las moléculas informadoras, los ácidos nucleicos y las proteínas se utilizan y trasmiten a las generaciones siguientes.
650 _aBiología molecular
_9138922
650 _aMolecular biology
_9154996
650 _aBiotecnología
_912878
650 _aBiotechnology
_9154994
650 _aVida
_xOrigen
_9119147
650 _aLife
_xOrigins
_9154995
901 _a577 B35 2002
902 _aM
905 _a5232272002 mx an 8222223322spa16
942 _cLIBRO
_2ddc
942 _cLIBRO
_2ddc
999 _c174109
_d174109